=LDR 00000nam 2200000 4500 =001 INLIS000000000052443 =990 ##$$a 21708691 =005 20180212101618 =990 ##$$a 21708692 =035 ##$$a 0010-0218000139 =990 ##$$a 21708690 =007 ta =990 ##$$a 21708689 =008 180212###########################0###### =020 ##$$a 979-418-055-6 =082 ##$$a 899.221.3 =084 ##$$a 899.221.3 HAM t =100 #$$a Hamka =245 1#$$a Tenggelamnya kapat van der wijck /$c Hamka =260 ##$$a Jakarta :$b Bulan bintang,$c 2017 =300 ##$$a x, 244 hlm : $b ilus. ; $c 21 cm =650 ##$$a Fiksi indonesia =990 ##$$a 33193319 =990 ##$$a 33193319 =990 ##$$a 33193319 =990 ##$$a 33193319 =990 ##$$a 21708689 =990 ##$$a 01201803319 =990 ##$$a 01201803320 =990 ##$$a 01201803321 =990 ##$$a 21708690 =990 ##$$a 01201803319 =990 ##$$a 01201803320 =990 ##$$a 21708689 =990 ##$$a 21708691 =990 ##$$a 01201803319 =990 ##$$a 21708690 =990 ##$$a 21708689 =990 ##$$a 21708692 =990 ##$$a 21708691 =990 ##$$a 21708690 =990 ##$$a 21708689